000 01094cam4a220024100 4500
001 tmp15382604
003 UPRA
005 20190823084609.0
008 950801s1979 pl eng u
035 _a(Sirsi) r54854
035 _a(UPRA)tmp15382604
040 _cUPRA
100 2 _aMedwecka-Kornas, Anna.
_6A13689.1
245 1 0 _aGardenia subacaululis stapf and hutch :
_ba pyrophytic saffrutex of the African Savanna.
260 _aKrakow, Poland :
_bJagellonian University, Institute of Botany,
_c1979.
500 _aReprint from Botanica Academiae Scientlarum Hungaricae, Tomus 26 (1-2) pp. 131-137 (1980).
504 _aIncludes bibliographical references.
650 0 _aGardenia -- Zambia -- Lusaka.
_zGardenia -- Zambia -- Lusaka.
_zGardenia -- Zambia -- Lusaka.
_6S9313.1
650 0 _aRubiaceas -- Zambia -- Lusaka.
_zRubiaceas -- Zambia -- Lusaka.
_zRubiaceas -- Zambia -- Lusaka.
_6S9314.1
650 0 _aWoodruff -- Zambia -- Lusaka.
_zWoodruff -- Zambia -- Lusaka.
_zWoodruff -- Zambia -- Lusaka.
_6S9315.1
949 _aQK495
_wlcc
_i-70828
_mMAIN
_tBOOK
_lON-SHELF
004 54854
999 _c140515
_d140515